书目信息 |
| 题名: |
助剂化学及工艺学
|
|
| 作者: | 冯亚青 , 陈立功 主编 | |
| 分册: | ||
| 出版信息: | 北京 化学工业出版社 2016.10 |
|
| 页数: | 388页 | |
| 开本: | 26cm | |
| 丛书名: | ||
| 单 册: | ||
| 中图分类: | TQ047.1 | |
| 科图分类: | ||
| 主题词: | 助剂--高等学校--教材 | |
| 电子资源: | ||
| ISBN: | 978-7-122-22895-6 | |
| 000 | 01114nam0 2200277 450 | |
| 001 | 0400003062 | |
| 005 | 20171026092507.28 | |
| 010 | @a978-7-122-22895-6@dCNY49.00 | |
| 100 | @a20151101d2016 em y0chiy50 ea | |
| 101 | 0 | @achi |
| 102 | @aCN@b110000 | |
| 105 | @ay z 000yy | |
| 106 | @ar | |
| 200 | 1 | @a助剂化学及工艺学@9zhu ji hua xue ji gong yi xue@f冯亚青,陈立功主编 |
| 205 | @a第2版 | |
| 210 | @a北京@c化学工业出版社@d2016.10 | |
| 215 | @a388页@d26cm | |
| 300 | @a教育部高等学校化工类专业教学指导委员会推荐教材 | |
| 320 | @a有书目 | |
| 330 | @a本教材对塑料、橡胶、涂料、石油化工产品和纺织染整助剂等按其作用功能综合编排分类。全书共十章,包括绪论、增塑剂、抗氧剂、热稳定剂、光稳定剂、阻燃剂、交联剂与偶联剂、乳化剂与分散剂、流动性能与流变性改进剂改性剂、其他助剂等内容,着重介绍了各类助剂的基本概念、国内外生产概况、作用原理、结构特征、主要产品合成工艺、应用性能及发展趋势。 | |
| 606 | 0 | @a助剂@x高等学校@j教材 |
| 690 | @aTQ047.1@v5 | |
| 701 | 0 | @a冯亚青@9feng ya qing@4主编 |
| 701 | 0 | @a陈立功@9chen li gong@4主编 |
| 801 | 0 | @aCN@b91MARC@c20171021 |
| 905 | @b1033271-5@dTQ047.1@f5@e420=2 | |
| 助剂化学及工艺学/冯亚青,陈立功主编.-第2版.-北京:化学工业出版社,2016.10 |
| 388页;26cm |
| 教育部高等学校化工类专业教学指导委员会推荐教材 |
| ISBN 978-7-122-22895-6:CNY49.00 |
| 本教材对塑料、橡胶、涂料、石油化工产品和纺织染整助剂等按其作用功能综合编排分类。全书共十章,包括绪论、增塑剂、抗氧剂、热稳定剂、光稳定剂、阻燃剂、交联剂与偶联剂、乳化剂与分散剂、流动性能与流变性改进剂改性剂、其他助剂等内容,着重介绍了各类助剂的基本概念、国内外生产概况、作用原理、结构特征、主要产品合成工艺、应用性能及发展趋势。 |
| ● |
| 相关链接 |
|
|
|
|
正题名:助剂化学及工艺学
索取号:TQ047.1/420=2
 
预约/预借
| 序号 | 登录号 | 条形码 | 馆藏地/架位号 | 状态 | 备注 |
| 1 | 1033271 | 210332718 | 第二样本阅览室/ [索取号:TQ047.1/420=2] | 在馆 | |
| 2 | 1033272 | 210332727 | 密集书库-化学系/ [索取号:TQ047.1/420=2] | 在馆 | |
| 3 | 1033273 | 210332736 | 第三借阅区/ [索取号:TQ047.1/420=2] | 在馆 | |
| 4 | 1033274 | 210332745 | 第三借阅区/ [索取号:TQ047.1/420=2] | 在馆 | |
| 5 | 1033275 | 210332754 | 第三借阅区/ [索取号:TQ047.1/420=2] | 在馆 |